| 000 | 01155nam0a22003011 4500 | ||
|---|---|---|---|
| 001 | v19\rc\1580530 | ||
| 005 | 20061002105534.7 | ||
| 035 | _a(NLR Aleph) 004707445 | ||
| 090 |
_a4152904 _c4152904 |
||
| 100 | _a20260118 rusy50 | ||
| 101 | 0 | _arus | |
| 102 | _aRU | ||
| 105 | _aa z ||||| | ||
| 200 | 1 |
_aПроект улучшенной кухонной плиты с нагревательной печью и котлом _f[Инж. П. Степанов] |
|
| 210 |
_a[Санкт-Петербург] _cтип. А.С. Суворина _dценз. 1893 |
||
| 215 |
_a8 с., 1 л. цв. черт. _d24 |
||
| 225 | 1 | _aСельский хозяин | |
| 300 | _aАвт. указан в конце текста | ||
| 309 | _aБез тит. л. и обл. | ||
| 311 | _aОтт. из № 11 "Сел. хозяина" | ||
| 488 | 0 |
_12001#$aСельский хозяин$v№ 11 _tСельский хозяин |
|
| 700 | 1 |
_aСтепанов _bП.В. _gПетр Владимирович |
|
| 801 | 0 |
_aRU _bNLR _gpsbo |
|
| 801 | 0 |
_aRU _bRuMoRGB _2psbo |
|
| 801 | 1 |
_aRU _bProSoft-M _2rusmarc |
|
| 852 |
_aNLR _j18.146.3.175 |
||
| 942 | _cBOOK | ||
| 980 | _aNB | ||